Najbardziej wartościowi piłkarze Premier League - Statystyki

Ogólne statystyki
  • Ten quiz został rozwiązany 42 razy
  • Średni wynik to 6 z 10
Statystyki odpowiedzi
Klub Wartość Piłkarz % Poprawnych
Manchester City 180 mln Erling Haaland
100%
Arsenal 150 mln Bukayo Saka
93%
Chelsea 120 mln Cole Palmer
83%
Liverpool 140 mln Florian Wirtz
76%
Arsenal 120 mln Declan Rice
68%
Manchester City 100 mln Phil Foden
59%
Manchester City 110 mln Rodri
54%
Liverpool 120 mln Alexander Isak
46%
Chelsea 90 mln Moises Caicedo
34%
Liverpool 100 mln Alexis Mac Allister
24%
Nie znaleziono quizów pasujących do podanych kryteriów
Rozkład punktacji
Procent ludzi z każdym wynikiem
Percentyl według liczby udzielonych odpowiedzi
Twoja historia wyników
Nie rozwiązałeś tego quizu